00535nam a2200157Ia 450000500170000000800410001708200130005824500340007126000280010530000120013350000850014570000270023094200060025795200990026399900150036220250323153019.0240331s9999 xx 000 0 und d bPUDa894 0aPudumaippithan ilakkiatthadam aBangalorebKaavyac1995 a269 p., aA Collection of Introductory, appreciative and Critical essays on Pudumaippithan aKrishnaswami, P. eedt cL 001040708LaWERCLbWERCLcSSCd2024-03-31l0o 894.811 PUDp2608r2024-03-31w2024-03-31yL c4082d4082